| 000 | 00608nam a2200181Ia 4500 | ||
|---|---|---|---|
| 008 | 151018s9999 xx 000 0 und d | ||
| 082 |
_bRBASDV21444 _a891.463 |
||
| 100 | _aबाळ सामंत | ||
| 245 | _aपुनर्जन्म एक शोध | ||
| 250 | _b1 | ||
| 260 |
_bमॅजेस्टीक प्रकाशन मुंबई _c1987 |
||
| 300 | _a163 | ||
| 600 | _aबाळ सामंत | ||
| 630 | _aपुनर्जन्म एक शोध | ||
| 700 | _aबाळ सामंत | ||
| 730 | _aपुनर्जन्म एक शोध | ||
| 942 | _cBOOK | ||
| 999 |
_c1021125 _d1021122 |
||